=LDR 00000nam 2200000 4500 =001 INLIS000000000013004 =005 20201203092715 =035 ##$$a 0010-061300000013004 =008 201203################g##########0#ind## =041 ##$$a Ind =082 ##$$a 324.509 =090 ##$$a 324.509, Mub a =100 ##$$a Mubarok, M.Mufti =245 1#$$a Amien Rais for president : $b Menuju Indonesia sejahtera /$c M. Mufti Mubarok; editor, Drs. H. M. Sulthon Amien, MM. =260 ##$$a Surabaya :$b The Amien Rais Centre,$c 2003 =300 ##$$a xxiii, 247 hlm, ; $c 20 x 14 cm. =650 #4$$a Presiden - Pencalonan =700 #$$a Amien, H. M. Sulthon =850 ##$$a NBPNMAT =020 ##$$a 979-3487-01-1 =084 ##$$a 324.509 MUB a =600 #4$$a Rais, Amien [ 1944 ... ] =990 ##$$a 20402324 =990 ##$$a 20402321 =990 ##$$a 20402322 =990 ##$$a 20402323